Bài tập và bài giải quản trị vận hành hiện đại (Quản trị sản xuất và dịch vụ) tình huống thực hành ứng dụng của các công ty Việt Nam

Αποθηκεύτηκε σε:
Λεπτομέρειες βιβλιογραφικής εγγραφής
Κύριος συγγραφέας: Đặng, Minh Trang
Άλλοι συγγραφείς: Lưu, Đan Thọ
Μορφή: Βιβλίο
Έκδοση: Hà Nội Tài Chính 2015
Θέματα:
Ετικέτες: Προσθήκη ετικέτας
Δεν υπάρχουν, Καταχωρήστε ετικέτα πρώτοι!
Thư viện lưu trữ: Trung tâm Học liệu Lê Vũ Hùng, Trường Đại học Đồng Tháp
LEADER 00931pam a22002298a 4500
001 00038253
005 20171026081025.0
008 170515s2015 ||||||Viesd
041 0 # |a Vie 
082 1 4 |a 658  |b B103T 
100 1 # |a Đặng, Minh Trang 
245 1 0 |a Bài tập và bài giải quản trị vận hành hiện đại (Quản trị sản xuất và dịch vụ)  |c Đặng Minh Trang; Lưu Đan Thọ  |b tình huống thực hành ứng dụng của các công ty Việt Nam 
260 # # |a Hà Nội  |b Tài Chính  |c 2015 
300 # # |a 344tr.  |c 24cm 
653 # # |a Quản trị  |a Vận hành  |a Hiện đại 
700 1 # |a Lưu, Đan Thọ 
852 # # |b Kho mượn  |j KM.0022690, KM.0021639 
852 # # |j KM.0022690  |j KD.0020710  |j KM.0021758  |j KM.0021639 
910 |d 15/05/2017 
980 # # |a Trung tâm Học liệu Lê Vũ Hùng, Trường Đại học Đồng Tháp